01452nam a22001817a 4500003000900000008004100009040007100050082002100121245010200142260002700244300004600271440004300317505077200360650002001132650002501152650001701177710007601194AR-CdUCM190429b ||||| |||| 00| 0 spa d aMUNICIPALIDAD PROVINCIAL DEL CUSCOcBIBLIOTECA MUNICIPAL DEL CUSCO aIllapa/N°4/2010 aIllapa :bRevista de la Escuela Superior Autónoma de Bellas Artes Diego Quispe Tito del Cusco / aCusco.bESABAC,c2010. a108 páginas. :bilustraciones ;c29 cm. aIllapa.nAño IV, N°4, octubre 2010. aContenido: Cromatismo del Dios Hablador. Óscar Mamani. -- Barroco Andino contemporáneo en Italia. Riccardo Scotti. -- Niñez y juventud de Gómez Suárez de Figueroa. Alejandro Herrera. -- El carácter ancestral. Amelia Rodríguez. -- Qosqo año 2000. Manuel Chávez Ballón. -- Funciones del Ukuko o Pablito. Sixto Guevara. -- Memorias de un avernícola. Edwin Chávez. -- Pintura gastronómica. Javier Escribens. -- Aproximaciones. Mario Curasi. -- Oda al perfecto cuentista. Gloria Domínguez. -- Qoyllor rit´i fotografías. Vicente Revilla. -- Sonata. Julio César Baca. -- Metafísica del Arte. Luis Palma. -- Acerca de un ganador. César Florez Florez. -- Mamá Ayahuasca. David Hewson. -- Los museos y su importancia. Óscar Casafranca. aArte cusqueño aArtistas cusqueños aBellas Artes aEscuela Superior Autónoma de Bellas Artes Diego Quispe Tito del Cusco